| 000 | 00806nam a2200181 a 4500 | ||
|---|---|---|---|
| 001 | 000988810 | ||
| 003 | AM-YeHGA | ||
| 005 | 20250617150309.0 | ||
| 008 | 131022s1974 ru r 000 0 rus d | ||
| 040 | _aAM-YeHGA | ||
| 041 | 0 | _arus | |
| 245 | 0 | 0 |
_aОвощеводству - промышленную основу : _bСборник тезисов докладов научно-производственной конференции, посвященной 50-летию образования УзССР / _cРедкол.: Н.Н. Балашев и др. |
| 260 |
_aТашкент : _bБ. и., _c1974. |
||
| 300 | _a140 с. | ||
| 653 | 0 | _aСельское хозяйство - Овощеводство | |
| 700 | 1 |
_aБалашев, Николай Николаевич _eред. _4edt |
|
| 090 | _c329952 | ||
| 999 |
_c328199 _d328199 |
||